[Event "GER-ch U10 Girls"]
[Site "Willingen"]
[Date "2022.06.08"]
[Round "7"]
[White "Stiehler, Mara"]
[Black "Kovalskyy, Alicia"]
[Result "0-1"]
[WhiteElo "1200"]
[BlackElo "1499"]
[PlyCount "46"]
[EventDate "2022.06.04"]
[EventType "swiss"]
[EventRounds "11"]
[EventCountry "GER"]
[SourceTitle "CBM 208 Extra"]
[Source "ChessBase"]
[SourceDate "2022.07.31"]
[SourceVersion "1"]
[SourceVersionDate "2022.07.31"]
[SourceQuality "1"]

1. e4 e5 2. Nf3 Nc6 3. Bc4 Bc5 4. c3 Nf6 5. d4 exd4 6. 0-0 0-0 7. cxd4 Bb6 8. e5 Ne8 9. Bg5 Ne7 10. Re1 Kh8 11. Qd2 f6 12. Qf4 Ng6 13. Qg3 fxg5 14. Bd3 Nf4 15. Bc2 d5 16. Nxg5 Bxd4 17. Qh4 Nh3+ 18. gxh3 Bxf2+ 19. Qxf2 Rxf2 20. Kxf2 Qxg5 21. Rf1 Bxh3 22. Rg1 Qf4+ 23. Ke1 Qe3+ 0-1

[Event "GER Pfingstopen U12"]
[Site "Playchess.com INT"]
[Date "2020.06.02"]
[Round "11"]
[White "Stiehler, Mara"]
[Black "Stein, Daniel3333"]
[Result "0-1"]
[WhiteElo "1620"]
[BlackElo "1330"]
[PlyCount "98"]
[EventDate "2020.06.02"]
[EventType "swiss (blitz)"]
[EventRounds "11"]
[EventCountry "GER"]
[SourceTitle "CBM 197 Extra"]
[Source "ChessBase"]
[SourceDate "2020.09.30"]
[SourceVersion "1"]
[SourceVersionDate "2020.09.30"]
[SourceQuality "1"]

1. e4 e5 2. Nf3 Nc6 3. Bc4 Nf6 4. d3 Bc5 5. c3 d6 6. Bb3 Bg4 7. h3 Bh5 8. Nbd2 Qd7 9. Ba4 Kf8 10. Bxc6 Qxc6 11. Qb3 Ke7 12. Ng5 Rhe8 13. 0-0 Kf8 14. Ndf3 Kg8 15. g4 Bg6 16. Nh4 h6 17. Ngf3 Bh7 18. g5 hxg5 19. Nxg5 Rf8 20. Nf5 Bxf5 21. exf5 d5 22. c4 a5 23. cxd5 Qb6 24. Qc4 c6 25. dxc6 bxc6 26. Qe4 Nxe4 27. Nxe4 Rfd8 28. Bg5 Rd4 29. Bh4 Rxd3 30. f6 gxf6 31. Bxf6 Rxh3 32. Bxe5 Bxf2+ 33. Rxf2 Rh4 34. Nf6+ Kf8 35. Nh7+ Rxh7 36. Bd6+ Ke8 37. Re1+ Kd7 38. Re7+ Kxd6 39. Re4 Kd5 40. Ree2 Kd4 41. Rd2+ Ke4 42. Rde2+ Kd5 43. Rd2+ Ke6 44. Rde2+ Kd7 45. Rd2+ Kc7 46. Rde2 Kb7 47. Rd2 Rg8+ 48. Kf1 Rh6 49. Rde2 Rh1# 0-1